Man's search for meaning (Record no. 75547)

MARC details
000 -LEADER
fixed length control field 00550nam a22002057a 4500
005 - DATE AND TIME OF LATEST TRANSACTION
control field 20230412112723.0
008 - FIXED-LENGTH DATA ELEMENTS--GENERAL INFORMATION
fixed length control field 230330b |||||||| |||| 00| 0 eng d
020 ## - INTERNATIONAL STANDARD BOOK NUMBER
International Standard Book Number 9781846046384
Qualifying information Paperback
040 ## - CATALOGING SOURCE
Original cataloging agency CBULib
Transcribing agency CBULib
041 ## - LANGUAGE CODE
Language code of text/sound track or separate title eng
050 ## - LIBRARY OF CONGRESS CALL NUMBER
Classification number D 805.G3 Fra
100 ## - MAIN ENTRY--PERSONAL NAME
Personal name Frankl, Viktor E.
245 ## - TITLE STATEMENT
Title Man's search for meaning
Statement of responsibility, etc. / by Viktor E. Frankl
260 ## - PUBLICATION, DISTRIBUTION, ETC.
Place of publication, distribution, etc. London :
Name of publisher, distributor, etc. Rider,
Date of publication, distribution, etc. 2020
300 ## - PHYSICAL DESCRIPTION
Extent xvii, 217 pages
600 ## - SUBJECT ADDED ENTRY--PERSONAL NAME
Personal name FRANKL, VIKTOR E.
650 ## - SUBJECT ADDED ENTRY--TOPICAL TERM
Topical term or geographic name entry element LOGOTHERAPY
650 ## - SUBJECT ADDED ENTRY--TOPICAL TERM
Topical term or geographic name entry element PSYCHOLOGICAL ASPECTS
942 ## - ADDED ENTRY ELEMENTS (KOHA)
Koha item type MONOGRAPH
999 ## -
-- 75547
-- 75547
Holdings
Withdrawn status Lost status Source of classification or shelving scheme Damaged status Not for loan Collection code Permanent Location Current Location Shelving location Date acquired Source of acquisition Cost, normal purchase price Full call number Barcode Date last seen Copy number Cost, replacement price Price effective from Koha item type Total Checkouts Date last checked out Checked out
          Main Library Open Access Collection CBU-MAIN LIBRARY, KITWE. CBU-MAIN LIBRARY, KITWE. General Stacks 03/30/2023 DON-BOOKAID 24.81 D 805.G3 Fra 751870 06/26/2023 1 31.81 03/30/2023 MONOGRAPH      
          Main Library Open Access Collection CBU-MAIN LIBRARY, KITWE. CBU-MAIN LIBRARY, KITWE. General Stacks 03/30/2023 DON-BOOKAID 24.81 D 803.G3 Fra 751871 04/10/2024 2 31.81 03/30/2023 MONOGRAPH 3 03/27/2024  
          Medical Library Collection CBU-SCHOOL OF MEDICINE LIBRARY, NDOLA. CBU-SCHOOL OF MEDICINE LIBRARY, NDOLA. School of Medicine Collection - Hospital Campus 04/04/2023 DON-BOOKAID 24.81 D 805.G3 Fra 905350 08/21/2024 3 31.81 04/04/2023 MONOGRAPH 1 07/30/2024  
          Medical Library Collection CBU-SCHOOL OF MEDICINE LIBRARY, NDOLA. CBU-SCHOOL OF MEDICINE LIBRARY, NDOLA. School of Medicine Collection - Hospital Campus 04/04/2023 DON-BOOKAID 24.81 D 805.G3 Fra 905351 06/19/2025 4 31.81 04/04/2023 MONOGRAPH 1 06/19/2025 07/05/2025